| 000 | 00558nam a2200169 a 4500 | ||
|---|---|---|---|
| 008 | 120416s1983 ||||||||||||||||| || u | ||
| 050 | _aKD 154 Sla | ||
| 100 | _aSladen, Michael | ||
| 245 | 1 | 0 | _aPractical trust administration |
| 250 | _a2nd ed. | ||
| 260 |
_aLondon _bEuropa _c1983 |
||
| 300 | _axxxii, 312p. | ||
| 350 | _a0.00 | ||
| 650 | _aTRUST ADMINISTRATION--GREAT BRITAIN | ||
| 650 | _aLAW | ||
| 995 |
_D0.00 _FCBU-MAIN LIBRARY (Kitwe) _H1 _I0.00 _M1 _UAVAILABLE _ZMain Library Open Access Collection |
||
| 999 |
_c54308 _d54308 |
||